[Event "Titled Tuesday intern op 02nd Apr Early"]
[Site "Chess.com INT"]
[Date "2024.04.02"]
[Round "7"]
[White "Mei, Austin"]
[Black "Komov, Roman"]
[Result "0-1"]
[WhiteElo "2280"]
[BlackElo "2220"]
[PlyCount "56"]
[EventDate "2024.04.02"]
[EventType "swiss (blitz)"]
[EventRounds "11"]
[EventCountry "USA"]
[SourceTitle "CB15_2024"]
[SourceDate "2024.04.10"]
[SourceVersion "1"]
[SourceVersionDate "2024.04.10"]
[SourceQuality "1"]

1. e4 c5 2. Nf3 d6 3. d4 cxd4 4. Nxd4 Nf6 5. Nc3 Nc6 6. Bg5 e6 7. Qd2 a6 8. 0-0-0 Bd7 9. f3 Be7 10. h4 Qc7 11. Kb1 Nxd4 12. Qxd4 b5 13. g4 h5 14. gxh5 Nxh5 15. Bxe7 Kxe7 16. Rg1 Rac8 17. Rg5 Bc6 18. Qd2 e5 19. Bh3 Rcd8 20. Bg4 Nf4 21. h5 Rh6 22. Ne2 Nxe2 23. Qxe2 Kf8 24. Bf5 f6 25. Rg6 Rxh5 26. Rdg1 Be8 27. Rxg7 Qxg7 28. Rxg7 Rh1+ 0-1

[Event "Titled Tuesday intern op 02nd Apr Early"]
[Site "Chess.com INT"]
[Date "2024.04.02"]
[Round "5"]
[White "Radibratovic, Predrag"]
[Black "Komov, Roman"]
[Result "1/2-1/2"]
[WhiteElo "2324"]
[BlackElo "2220"]
[PlyCount "155"]
[EventDate "2024.04.02"]
[EventType "swiss (blitz)"]
[EventRounds "11"]
[EventCountry "USA"]
[SourceTitle "CB15_2024"]
[SourceDate "2024.04.10"]
[SourceVersion "1"]
[SourceVersionDate "2024.04.10"]
[SourceQuality "1"]

1. d4 d5 2. Bf4 Nf6 3. e3 e6 4. Nd2 Bd6 5. Bg3 0-0 6. Ngf3 c5 7. c3 c4 8. b4 Qc7 9. a4 Nc6 10. Bxd6 Qxd6 11. Be2 e5 12. dxe5 Nxe5 13. Nxe5 Qxe5 14. Qc1 Bg4 15. Nf3 Qe7 16. 0-0 Rad8 17. Rd1 Rfe8 18. Rd4 Bh5 19. Qb2 Bg6 20. a5 h6 21. Rad1 Be4 22. h3 g5 23. Nh2 Kg7 24. Qd2 Rc8 25. Bg4 Rc6 26. Be2 Re6 27. Ra1 Re5 28. Qb2 Bg6 29. Bf3 Ne4 30. Rad1 Rd8 31. Ng4 Re6 32. Rxd5 Rxd5 33. Rxd5 h5 34. Nh2 Rd6 35. Bxe4 Bxe4 36. Rxd6 Qxd6 37. Qc1 Qd3 38. Nf1 Bc6 39. Qd2 Kf6 40. f3 h4 41. Qxd3 cxd3 42. Nd2 Ke5 43. Kf2 f5 44. g3 hxg3+ 45. Kxg3 Bd5 46. f4+ gxf4+ 47. exf4+ Kf6 48. Kf2 Kg6 49. Ke3 Be4 50. Kf2 Kh5 51. Kg3 Bd5 52. c4 Bc6 53. b5 Be8 54. Kf3 Kh4 55. Ke3 Kg3 56. h4 b6 57. a6 Kxh4 58. Kxd3 Kg3 59. Ke3 Bf7 60. c5 bxc5 61. b6 axb6 62. a7 Bd5 63. Nc4 b5 64. Nb6 Bb7 65. a8Q Bxa8 66. Nxa8 c4 67. Nb6 c3 68. Nd5 c2 69. Kd2 Kf3 70. Kxc2 Ke4 71. Nc3+ Kxf4 72. Nxb5 Ke3 73. Kd1 f4 74. Ke1 f3 75. Kf1 f2 76. Nc3 Kf3 77. Nd1 Kg3 78. Nxf2 1/2-1/2

[Event "Titled Tuesday intern op 12th Dec Early"]
[Site "Chess.com INT"]
[Date "2023.12.12"]
[Round "3"]
[White "Azali, Tannaz"]
[Black "Komov, Roman"]
[Result "1-0"]
[WhiteElo "2099"]
[BlackElo "2247"]
[PlyCount "59"]
[EventDate "2023.12.12"]
[EventType "swiss (blitz)"]
[EventRounds "11"]
[EventCountry "USA"]
[SourceTitle "CB51_2023"]
[SourceDate "2023.12.20"]
[SourceVersion "1"]
[SourceVersionDate "2023.12.20"]
[SourceQuality "1"]

1. e4 c5 2. Nc3 Nc6 3. Bb5 Nd4 4. Nf3 a6 5. Bd3 Nc6 6. 0-0 g6 7. Bc4 Bg7 8. a4 d6 9. Re1 Nf6 10. d4 cxd4 11. Nxd4 Nxd4 12. Qxd4 0-0 13. Qd3 Bd7 14. Bg5 Rc8 15. Rad1 Qa5 16. e5 dxe5 17. Bxf6 exf6 18. Qxd7 Rxc4 19. Qxb7 Rb4 20. Qe7 Rxb2 21. Nd5 Rxc2 22. Nxf6+ Kh8 23. Nd7 Qd8 24. Qd6 Re8 25. Qxa6 Qh4 26. g3 Qg4 27. Qd3 Ra2 28. Qd5 Qxa4 29. Qxf7 Qa7 30. Qxe8+ 1-0

[Event "Titled Tuesday intern op 14th Nov Early"]
[Site "Chess.com INT"]
[Date "2023.11.14"]
[Round "3"]
[White "Komov, Roman"]
[Black "Xu, Xiangyu"]
[Result "0-1"]
[WhiteElo "2247"]
[BlackElo "2623"]
[PlyCount "116"]
[EventDate "2023.11.14"]
[EventType "swiss (blitz)"]
[EventRounds "11"]
[EventCountry "USA"]
[SourceTitle "CB47_2023"]
[SourceDate "2023.11.22"]
[SourceVersion "1"]
[SourceVersionDate "2023.11.22"]
[SourceQuality "1"]

1. e4 c5 2. Nf3 d6 3. Bb5+ Bd7 4. Bxd7+ Qxd7 5. 0-0 Nf6 6. Re1 Nc6 7. c3 e6 8. d4 cxd4 9. cxd4 d5 10. e5 Ne4 11. Re3 Be7 12. Nc3 Nxc3 13. bxc3 Rc8 14. a4 Na5 15. Nd2 Rc6 16. Rh3 h6 17. Qg4 g6 18. Rf3 Rh7 19. h4 h5 20. Qf4 Bf8 21. Rd3 Kd8 22. Nf3 Be7 23. Ba3 Kc8 24. Bxe7 Qxe7 25. Ng5 Rg7 26. Rf3 Rc7 27. Rb1 b6 28. g3 Nc6 29. Kg2 Na5 30. Rb5 Nc6 31. Qe3 Na5 32. Rf6 Qa3 33. Qf4 Qxa4 34. Rb4 Qe8 35. Nxe6 fxe6 36. Rf8 Kd7 37. Rxe8 Kxe8 38. Qf6 Rce7 39. f3 Nc4 40. Qg5 Kd7 41. g4 hxg4 42. fxg4 a5 43. Rb1 a4 44. Kg3 Kc6 45. Qf6 a3 46. Ra1 Kb7 47. Qf8 Rc7 48. Qe8 Rc6 49. Kh3 b5 50. h5 gxh5 51. gxh5 Rgc7 52. h6 Rc8 53. Qd7+ Kb6 54. Qg7 R6c7 55. Qg6 Ka5 56. Qxe6 Rc6 57. Qxd5 Rxh6+ 58. Kg4 Ne3+ 0-1

[Event "Titled Tuesday intern op 26th Sep Early"]
[Site "Chess.com INT"]
[Date "2023.09.26"]
[Round "2"]
[White "Sivanandan, Bodhana"]
[Black "Komov, Roman"]
[Result "0-1"]
[WhiteElo "1840"]
[BlackElo "2287"]
[PlyCount "128"]
[EventDate "2023.09.26"]
[EventType "swiss (blitz)"]
[EventRounds "11"]
[EventCountry "USA"]
[SourceTitle "EXT 2024"]
[Source "ChessBase"]
[SourceDate "2023.10.10"]
[SourceVersion "1"]
[SourceVersionDate "2023.10.10"]
[SourceQuality "1"]

1. d4 Nf6 2. Nf3 d5 3. Bf4 e6 4. c3 c5 5. e3 Nc6 6. Be2 Be7 7. 0-0 Nh5 8. Be5 f6 9. Bg3 g6 10. Nbd2 0-0 11. dxc5 Nxg3 12. hxg3 Bxc5 13. c4 Bb6 14. cxd5 exd5 15. Nb3 Bf5 16. Qd2 Qd7 17. Rfd1 Rad8 18. Nfd4 Be4 19. Rac1 Ne5 20. Nc5 Bxc5 21. Rxc5 Qe7 22. Rdc1 g5 23. Rc7 Rd7 24. Rxd7 Qxd7 25. Qb4 Rc8 26. Rxc8+ Qxc8 27. Qc3 Qxc3 28. bxc3 Bb1 29. a3 Kf7 30. Kf1 Ke7 31. Ke1 a6 32. Kd2 Bg6 33. f4 Nd7 34. Bf3 Kd6 35. c4 dxc4 36. Bxb7 Nc5 37. Bf3 Bd3 38. Be2 Ne4+ 39. Kd1 Nxg3 40. Bxd3 cxd3 41. Kd2 gxf4 42. exf4 Nh5 43. f5 Ke5 44. Nc6+ Kxf5 45. Kxd3 Nf4+ 46. Ke3 Nxg2+ 47. Kf2 Nf4 48. Nb4 a5 49. Nc6 a4 50. Nd4+ Ke4 51. Nb5 Nd3+ 52. Kg3 Nc5 53. Nc3+ Kd3 54. Nd5 Kd4 55. Nxf6 Ne4+ 56. Nxe4 Kxe4 57. Kh4 Kd4 58. Kh5 Kc3 59. Kh6 Kb3 60. Kxh7 Kxa3 61. Kg6 Kb3 62. Kf5 a3 63. Ke4 a2 64. Kd3 a1Q 0-1

[Event "Titled Tuesday intern op 26th Sep Early"]
[Site "Chess.com INT"]
[Date "2023.09.26"]
[Round "6"]
[White "Zemlyanskii, Ivan"]
[Black "Komov, Roman"]
[Result "1-0"]
[WhiteElo "2362"]
[BlackElo "2287"]
[PlyCount "73"]
[EventDate "2023.09.26"]
[EventType "swiss (blitz)"]
[EventRounds "11"]
[EventCountry "USA"]
[SourceTitle "EXT 2024"]
[Source "ChessBase"]
[SourceDate "2023.10.10"]
[SourceVersion "1"]
[SourceVersionDate "2023.10.10"]
[SourceQuality "1"]

1. d4 Nf6 2. c4 e6 3. Bf4 Bb4+ 4. Nd2 Nh5 5. Be3 f5 6. g3 0-0 7. Nh3 Be7 8. Bg2 d5 9. 0-0 c6 10. Nf4 Nxf4 11. Bxf4 Nd7 12. Nf3 b6 13. cxd5 cxd5 14. Qa4 Bb7 15. Rac1 Rc8 16. Qxa7 Bc6 17. Qa6 g5 18. Ne5 Nxe5 19. Bxe5 Ra8 20. Qd3 Qd7 21. a3 Rfc8 22. Qd2 Bb5 23. Rfe1 Ra4 24. h4 h6 25. hxg5 hxg5 26. g4 Rac4 27. gxf5 exf5 28. Rxc4 Rxc4 29. b3 Rc8 30. a4 Ba6 31. Qe3 Qe6 32. Qf3 Bb7 33. Qh5 Kf8 34. Bh3 Bf6 35. Qh6+ Ke7 36. Qh7+ Qf7 37. Qxf5 1-0

[Event "Titled Tuesday intern op 19th Sep Late"]
[Site "Chess.com INT"]
[Date "2023.09.19"]
[Round "1"]
[White "Figorito, Nick"]
[Black "Komov, Roman"]
[Result "0-1"]
[WhiteElo "2036"]
[BlackElo "2287"]
[PlyCount "150"]
[EventDate "2023.09.19"]
[EventType "swiss (blitz)"]
[EventRounds "11"]
[EventCountry "USA"]
[SourceTitle "EXT 2024"]
[Source "ChessBase"]
[SourceDate "2023.10.10"]
[SourceVersion "1"]
[SourceVersionDate "2023.10.10"]
[SourceQuality "1"]

1. Nf3 Nf6 2. g3 e6 3. Bg2 d5 4. 0-0 Be7 5. d4 0-0 6. Nbd2 Nbd7 7. b3 b6 8. Bb2 Bb7 9. Re1 c5 10. c4 dxc4 11. Nxc4 cxd4 12. Qxd4 Bc5 13. Qh4 Qe7 14. e3 Rfd8 15. Red1 Nf8 16. Nce5 Nd5 17. Qxe7 Bxe7 18. Nd4 Rac8 19. Rac1 Bf6 20. Ng4 Be7 21. Ne5 Bf6 22. Ng4 Nd7 23. Nxf6+ N7xf6 24. Nb5 a6 25. Na3 b5 26. Nb1 Kf8 27. Nc3 Nxc3 28. Rxd8+ Rxd8 29. Bxc3 Bxg2 30. Kxg2 Nd5 31. Bd4 Ra8 32. b4 f6 33. a3 e5 34. Bc5+ Kf7 35. Rd1 Ke6 36. e4 Nc3 37. Rd6+ Kf7 38. Rd7+ Kg6 39. f3 h5 40. h3 Na4 41. Rd3 Rc8 42. Rd5 Nc3 43. Rd3 Na4 44. Rd5 a5 45. g4 hxg4 46. hxg4 Kf7 47. Rd7+ Kg6 48. Rd5 Nxc5 49. Rxc5 Rxc5 50. bxc5 Kf7 51. Kf2 Ke6 52. Ke3 Kd7 53. Kd3 Kc6 54. Kc3 Kxc5 55. Kb3 b4 56. Ka4 bxa3 57. Kxa3 Kd4 58. Ka4 Ke3 59. Kxa5 Kxf3 60. Kb5 Kxe4 61. Kc5 Kf4 62. Kd5 Kxg4 63. Ke4 f5+ 64. Ke3 f4+ 65. Kf2 g5 66. Ke2 e4 67. Kf2 e3+ 68. Ke2 Kf5 69. Kf3 Ke5 70. Ke2 Ke4 71. Ke1 g4 72. Kf1 f3 73. Kg1 g3 74. Kh1 e2 75. Kg1 e1Q# 0-1

[Event "Titled Tuesday intern op 19th Sep Early"]
[Site "Chess.com INT"]
[Date "2023.09.19"]
[Round "2"]
[White "Komov, Roman"]
[Black "Karas, Marek"]
[Result "1-0"]
[WhiteElo "2287"]
[BlackElo "2208"]
[PlyCount "97"]
[EventDate "2023.09.19"]
[EventType "swiss (blitz)"]
[EventRounds "11"]
[EventCountry "USA"]
[SourceTitle "EXT 2024"]
[Source "ChessBase"]
[SourceDate "2023.10.10"]
[SourceVersion "1"]
[SourceVersionDate "2023.10.10"]
[SourceQuality "1"]

1. e4 e6 2. d4 d5 3. e5 c5 4. c3 Qb6 5. Nf3 Bd7 6. Be2 Bb5 7. 0-0 Bxe2 8. Qxe2 Nc6 9. dxc5 Bxc5 10. b4 Bf8 11. a3 Nge7 12. Bb2 Nf5 13. Nbd2 Be7 14. c4 0-0 15. cxd5 exd5 16. Qd3 g6 17. Qxd5 Rfd8 18. Qe4 Ncd4 19. Nxd4 Nxd4 20. Nf3 Ne6 21. Rfd1 Rxd1+ 22. Rxd1 Rd8 23. Rxd8+ Qxd8 24. Qc2 Qd7 25. h3 h5 26. Qe4 a6 27. Nd4 Nxd4 28. Qxd4 Qxd4 29. Bxd4 Bg5 30. a4 b5 31. axb5 axb5 32. g3 Bd2 33. Bc5 Kg7 34. Kg2 Bc3 35. f4 f6 36. exf6+ Kxf6 37. Kf3 Kf5 38. g4+ hxg4+ 39. hxg4+ Ke6 40. Ke4 Bd2 41. Bf8 Bc3 42. Kd3 Be1 43. Kd4 Bd2 44. Kc5 Bxf4 45. Kxb5 Kf6 46. Kc6 Kg5 47. b5 Bb8 48. b6 Kf4 49. Bd6+ 1-0

[Event "Titled Tuesday intern op 19th Sep Early"]
[Site "Chess.com INT"]
[Date "2023.09.19"]
[Round "4"]
[White "Komov, Roman"]
[Black "Sauvageot Ledezma, Diego"]
[Result "1-0"]
[WhiteElo "2287"]
[BlackElo "2148"]
[PlyCount "87"]
[EventDate "2023.09.19"]
[EventType "swiss (blitz)"]
[EventRounds "11"]
[EventCountry "USA"]
[SourceTitle "EXT 2024"]
[Source "ChessBase"]
[SourceDate "2023.10.10"]
[SourceVersion "1"]
[SourceVersionDate "2023.10.10"]
[SourceQuality "1"]

1. d4 Nf6 2. c4 e6 3. Nf3 d5 4. Nc3 Nbd7 5. cxd5 exd5 6. Bg5 h6 7. Bh4 c6 8. e3 Be7 9. Bd3 a5 10. 0-0 0-0 11. a3 Re8 12. Rb1 Ne4 13. Bxe7 Qxe7 14. Bxe4 dxe4 15. Nd2 Nf6 16. b4 axb4 17. axb4 Bf5 18. b5 c5 19. Nb3 cxd4 20. Nxd4 Bg6 21. Ra1 Qc5 22. Qb3 Kh7 23. h3 Nd7 24. Nce2 Ne5 25. Nf4 Nd3 26. Nxg6 fxg6 27. Rxa8 Rxa8 28. Qf7 b6 29. Ne6 Qe5 30. Nf8+ Rxf8 31. Qxf8 Qxb5 32. Ra1 Qe5 33. Ra8 g5 34. Qg8+ Kg6 35. Ra6 Qb5 36. Qe6+ Kh5 37. Qg4+ Kg6 38. Qxe4+ Kh5 39. Qg4+ Kg6 40. Qe6+ Kh5 41. Rxb6 Qa4 42. Qf7+ Kh4 43. g3+ Kxh3 44. Qh5+ 1-0

[Event "Titled Tuesday intern op 19th Sep Early"]
[Site "Chess.com INT"]
[Date "2023.09.19"]
[Round "7"]
[White "Komov, Roman"]
[Black "Smirnov, Mark1111"]
[Result "1-0"]
[WhiteElo "2287"]
[BlackElo "2005"]
[PlyCount "119"]
[EventDate "2023.09.19"]
[EventType "swiss (blitz)"]
[EventRounds "11"]
[EventCountry "USA"]
[SourceTitle "EXT 2024"]
[Source "ChessBase"]
[SourceDate "2023.10.10"]
[SourceVersion "1"]
[SourceVersionDate "2023.10.10"]
[SourceQuality "1"]

1. e4 c5 2. Nc3 Nc6 3. Bb5 Nd4 4. Bc4 Nf6 5. Nf3 Nxf3+ 6. Qxf3 d6 7. 0-0 g6 8. Bb5+ Bd7 9. e5 dxe5 10. Qxb7 Bg7 11. Nd5 Rc8 12. Nxf6+ exf6 13. d3 Bxb5 14. Qxb5+ Qd7 15. Qxd7+ Kxd7 16. b3 f5 17. Bb2 Rhe8 18. Rae1 f6 19. Re2 Bf8 20. f3 Bd6 21. Kf2 a5 22. a4 Bc7 23. Bc3 Bb6 24. Ke1 Re6 25. Kd2 Rce8 26. Rfe1 Bc7 27. h3 Kc6 28. g4 fxg4 29. hxg4 f5 30. Rh1 R8e7 31. gxf5 gxf5 32. Rh5 Rf7 33. Re1 e4 34. fxe4 fxe4 35. Rxe4 Rxe4 36. dxe4 Bf4+ 37. Kd3 Re7 38. Bxa5 Rd7+ 39. Ke2 Rd4 40. Kf3 Bd6 41. Rxh7 Rd1 42. Rh6 Rf1+ 43. Ke2 Rf4 44. Ke3 Rf1 45. e5 Kb7 46. Rxd6 Rf7 47. Ke4 Rh7 48. Kd5 Rh1 49. Kxc5 Ka7 50. Bc3 Rh5 51. Bd4 Kb7 52. c4 Rh3 53. b4 Rh7 54. a5 Rc7+ 55. Kd5 Re7 56. c5 Ka7 57. b5 Kb7 58. a6+ Kc8 59. b6 Kb8 60. Rd8# 1-0

[Event "Titled Tuesday intern op 05th Sep Early"]
[Site "Chess.com INT"]
[Date "2023.09.05"]
[Round "6"]
[White "Avazkhonov, Alikhon"]
[Black "Komov, Roman"]
[Result "0-1"]
[WhiteElo "1538"]
[BlackElo "2287"]
[PlyCount "48"]
[EventDate "2023.09.05"]
[EventType "swiss (blitz)"]
[EventRounds "11"]
[EventCountry "USA"]
[SourceTitle "EXT 2024"]
[Source "ChessBase"]
[SourceDate "2023.10.10"]
[SourceVersion "1"]
[SourceVersionDate "2023.10.10"]
[SourceQuality "1"]

1. d4 Nf6 2. c4 e6 3. Nc3 Bb4 4. f3 d5 5. a3 Be7 6. e4 dxe4 7. fxe4 c5 8. d5 exd5 9. exd5 0-0 10. Bd3 Re8 11. Nge2 Bg4 12. 0-0 Nbd7 13. h3 Bh5 14. Bf4 a6 15. Qc2 Nf8 16. Ng3 Bg6 17. Rae1 Bd6 18. Bxd6 Qxd6 19. Bxg6 Rxe1 20. Rxe1 Qxg3 21. Bxf7+ Kxf7 22. Rf1 Kg8 23. Qb3 Qc7 24. Na4 Re8 0-1

[Event "Titled Tuesday intern op 05th Sep Early"]
[Site "Chess.com INT"]
[Date "2023.09.05"]
[Round "2"]
[White "Eggleston, Thomas"]
[Black "Komov, Roman"]
[Result "1-0"]
[WhiteElo "2188"]
[BlackElo "2287"]
[PlyCount "75"]
[EventDate "2023.09.05"]
[EventType "swiss (blitz)"]
[EventRounds "11"]
[EventCountry "USA"]
[SourceTitle "EXT 2024"]
[Source "ChessBase"]
[SourceDate "2023.10.10"]
[SourceVersion "1"]
[SourceVersionDate "2023.10.10"]
[SourceQuality "1"]

1. e4 c5 2. Nf3 d6 3. Bc4 Nc6 4. 0-0 e6 5. Re1 Nf6 6. c3 Be7 7. d4 cxd4 8. cxd4 Nxe4 9. Bxe6 Bxe6 10. d5 Bxd5 11. Qxd5 Nf6 12. Qb3 0-0 13. Qxb7 Rc8 14. Nc3 d5 15. Bg5 h6 16. Bh4 d4 17. Rad1 Re8 18. Nb5 g5 19. Bg3 Bc5 20. Ne5 Nxe5 21. Bxe5 Ng4 22. Bxd4 Rxe1+ 23. Rxe1 Bxd4 24. Nxd4 Rb8 25. Qe4 Nf6 26. Qe5 Rxb2 27. Nf5 Qd2 28. Rf1 Nh5 29. Nxh6+ Kh7 30. Nxf7 Kg6 31. Nh8+ Kh7 32. Nf7 Kg6 33. Qe6+ Nf6 34. Ne5+ Kg7 35. Qf7+ Kh8 36. Qxf6+ Kh7 37. Qg6+ Kh8 38. Nf7# 1-0

[Event "Titled Tuesday intern op 05th Sep Early"]
[Site "Chess.com INT"]
[Date "2023.09.05"]
[Round "4"]
[White "Ghevondyan, Arman"]
[Black "Komov, Roman"]
[Result "0-1"]
[WhiteElo "2216"]
[BlackElo "2287"]
[PlyCount "132"]
[EventDate "2023.09.05"]
[EventType "swiss (blitz)"]
[EventRounds "11"]
[EventCountry "USA"]
[SourceTitle "EXT 2024"]
[Source "ChessBase"]
[SourceDate "2023.10.10"]
[SourceVersion "1"]
[SourceVersionDate "2023.10.10"]
[SourceQuality "1"]

1. Nf3 d5 2. d4 Nf6 3. g3 e6 4. Bg2 b5 5. 0-0 Be7 6. Ne5 0-0 7. Na3 a6 8. c4 c6 9. b3 Bb7 10. Bb2 Nbd7 11. Nc2 Nxe5 12. dxe5 Nd7 13. Ne3 Bc5 14. Rc1 Qb6 15. Qd2 Rfd8 16. Ng4 Nf8 17. cxd5 cxd5 18. Qg5 Ng6 19. h4 Be7 20. Qd2 d4 21. Bxb7 Qxb7 22. h5 Nf8 23. h6 g6 24. Qf4 Nd7 25. Rfd1 Rac8 26. Bxd4 Rxc1 27. Rxc1 Qd5 28. Ne3 Qb7 29. Qf3 Qxf3 30. exf3 Bg5 31. Rd1 Nb8 32. f4 Bxh6 33. Bb6 Rxd1+ 34. Nxd1 Kf8 35. Bc5+ Ke8 36. Nc3 Nd7 37. Bd6 Bf8 38. Ne4 Be7 39. Kf1 Bd8 40. Ke2 h6 41. Bb4 Bb6 42. Nd6+ Kf8 43. Nxb5+ Kg7 44. Nd6 g5 45. f5 Nxe5 46. Bc3 Kf6 47. Ne8+ Ke7 48. Bxe5 Kxe8 49. Bg7 h5 50. fxe6 fxe6 51. Bh6 g4 52. Bg5 Kd7 53. f3 Kd6 54. fxg4 hxg4 55. Kd3 Kd5 56. Bf4 Bf2 57. Ke2 Bd4 58. Bg5 Ke4 59. Bh4 Be5 60. a4 Bd6 61. Kd2 Kf3 62. Kd3 Bxg3 63. Bf6 Be1 64. b4 g3 65. Bd4 Bxb4 66. Kc4 Be1 0-1

[Event "Titled Tuesday intern op 05th Sep Early"]
[Site "Chess.com INT"]
[Date "2023.09.05"]
[Round "10"]
[White "Hansen, Eric"]
[Black "Komov, Roman"]
[Result "0-1"]
[WhiteElo "2609"]
[BlackElo "2287"]
[PlyCount "138"]
[EventDate "2023.09.05"]
[EventType "swiss (blitz)"]
[EventRounds "11"]
[EventCountry "USA"]
[SourceTitle "EXT 2024"]
[Source "ChessBase"]
[SourceDate "2023.10.10"]
[SourceVersion "1"]
[SourceVersionDate "2023.10.10"]
[SourceQuality "1"]

1. c4 e5 2. Nc3 Bb4 3. e4 Bxc3 4. bxc3 d6 5. d4 Nc6 6. f3 Nge7 7. Ne2 Ng6 8. Be3 0-0 9. Qd2 f5 10. exf5 Bxf5 11. Ng3 Bd7 12. Bd3 Nf4 13. Be4 Qh4 14. 0-0-0 Kh8 15. Ne2 Na5 16. g3 Nxe2+ 17. Qxe2 Qf6 18. dxe5 Qxe5 19. Bd4 Qe6 20. c5 Rae8 21. Rhe1 Ba4 22. cxd6 Bxd1 23. Rxd1 cxd6 24. Qc2 Nc6 25. Bg1 Rc8 26. Bd5 Qh6+ 27. Qd2 Qxd2+ 28. Kxd2 Ne5 29. f4 Nc6 30. Rb1 Rc7 31. Re1 Ne7 32. Bb3 b6 33. Re6 Rd8 34. g4 Nc6 35. Bf2 Re7 36. Rxe7 Nxe7 37. Bh4 Rd7 38. Be6 Rc7 39. c4 h6 40. Kd3 Ng6 41. Bg3 Rc5 42. a4 Ne7 43. f5 d5 44. Bd6 dxc4+ 45. Kd4 Nc6+ 46. Kc3 Ra5 47. Bxc4 Ne5 48. Be2 Nf7 49. Bb4 Rxa4 50. h3 Ra1 51. Kd2 Ra2+ 52. Ke3 a5 53. Bc3 Ra3 54. Kd2 Nd6 55. Bd3 b5 56. Bb2 Ra2 57. Kc2 a4 58. Kb1 Rxb2+ 59. Kxb2 b4 60. Bc2 a3+ 61. Kb3 Nc4 62. Bb1 Nd2+ 63. Kxb4 Nxb1 64. Kb3 Kg8 65. h4 Kf7 66. g5 h5 67. Ka2 Nd2 68. Kxa3 Nf3 69. f6 g6 0-1

[Event "Titled Tuesday intern op 05th Sep Early"]
[Site "Chess.com INT"]
[Date "2023.09.05"]
[Round "11"]
[White "Komov, Roman"]
[Black "Kamsky, Gata"]
[Result "0-1"]
[WhiteElo "2287"]
[BlackElo "2641"]
[PlyCount "116"]
[EventDate "2023.09.05"]
[EventType "swiss (blitz)"]
[EventRounds "11"]
[EventCountry "USA"]
[SourceTitle "EXT 2024"]
[Source "ChessBase"]
[SourceDate "2023.10.10"]
[SourceVersion "1"]
[SourceVersionDate "2023.10.10"]
[SourceQuality "1"]

1. e4 d5 2. exd5 Qxd5 3. Nc3 Qa5 4. d4 Nf6 5. Nf3 c6 6. Ne5 Be6 7. h3 Nbd7 8. Nf3 Bf5 9. Bc4 e6 10. 0-0 Bd6 11. Nh4 Bg6 12. Nxg6 hxg6 13. Bd2 Qc7 14. Qe2 Bf4 15. Rfe1 0-0-0 16. a4 g5 17. a5 g4 18. a6 b6 19. Bxf4 Qxf4 20. g3 Qxd4 21. Rad1 Qc5 22. hxg4 Kc7 23. Kg2 Qg5 24. f3 Qc5 25. Bd3 g5 26. Ne4 Nxe4 27. Bxe4 Nf6 28. Rxd8 Rxd8 29. Bd3 b5 30. Rh1 Qd4 31. Rh6 Nd5 32. b3 Rd7 33. Rh7 Kb6 34. Be4 Nc3 35. Qe1 Nxe4 36. Qxe4 Qxe4 37. fxe4 Kxa6 38. Rg7 Ka5 39. Rxg5 Kb4 40. Rg7 a5 41. g5 a4 42. bxa4 bxa4 43. Kh3 a3 44. g6 a2 45. Rxf7 a1Q 46. Rxd7 Qh8+ 47. Kg4 Qh6 48. g7 Qg6+ 49. Kf4 Kc3 50. Rc7 Kxc2 51. Ke5 Qxg3+ 52. Kxe6 Kd3 53. Kf7 Qxc7+ 54. Kf6 Qd8+ 55. Kg6 Kxe4 56. Kh7 c5 57. g8Q Qxg8+ 58. Kh6 Kf5 0-1

[Event "Titled Tuesday intern op 29th Aug Early"]
[Site "Chess.com INT"]
[Date "2023.08.29"]
[Round "7"]
[White "Avalos Parra, Joao"]
[Black "Komov, Roman"]
[Result "0-1"]
[WhiteElo "2185"]
[BlackElo "2301"]
[PlyCount "98"]
[EventDate "2023.08.29"]
[EventType "swiss (blitz)"]
[EventRounds "11"]
[EventCountry "USA"]
[SourceTitle "EXT 2024"]
[Source "ChessBase"]
[SourceDate "2023.10.10"]
[SourceVersion "1"]
[SourceVersionDate "2023.10.10"]
[SourceQuality "1"]

1. d4 Nf6 2. c4 e6 3. Nf3 d5 4. Nc3 Bb4 5. Qb3 c5 6. dxc5 Nc6 7. e3 0-0 8. Be2 Ne4 9. 0-0 Nxc3 10. bxc3 Bxc5 11. Rd1 dxc4 12. Qxc4 Qe7 13. Rb1 e5 14. e4 b6 15. Bg5 Qe6 16. Qa4 Na5 17. Rd5 f6 18. Bd2 Qe7 19. c4 Be6 20. Bxa5 Bxd5 21. cxd5 bxa5 22. Qxa5 Rab8 23. Rd1 Qd6 24. Nd2 Bb4 25. Nc4 Bxa5 26. Nxd6 Rb2 27. Bc4 Bb6 28. Rf1 g6 29. Bb3 Kg7 30. Nc4 Re2 31. Nxb6 axb6 32. Rc1 Rc8 33. Rd1 Rxe4 34. d6 Rd4 35. Rxd4 exd4 36. Kf1 Rd8 37. Ke2 Rxd6 38. Kd3 Kf8 39. Bc4 Ke7 40. a4 f5 41. Bg8 h6 42. h3 Kf6 43. Bc4 Ke5 44. g3 g5 45. Bb3 f4 46. Bg8 h5 47. Bh7 h4 48. g4 Rc6 49. Kd2 Rc3 0-1

[Event "Titled Tuesday intern op 29th Aug Early"]
[Site "Chess.com INT"]
[Date "2023.08.29"]
[Round "5"]
[White "Polaczek, Richard"]
[Black "Komov, Roman"]
[Result "0-1"]
[WhiteElo "2302"]
[BlackElo "2301"]
[PlyCount "58"]
[EventDate "2023.08.29"]
[EventType "swiss (blitz)"]
[EventRounds "11"]
[EventCountry "USA"]
[SourceTitle "EXT 2024"]
[Source "ChessBase"]
[SourceDate "2023.10.10"]
[SourceVersion "1"]
[SourceVersionDate "2023.10.10"]
[SourceQuality "1"]

1. d4 Nf6 2. Bg5 c5 3. Bxf6 gxf6 4. d5 Qb6 5. Qc1 d6 6. c4 f5 7. Nc3 Bg7 8. Nf3 Nd7 9. e3 Ne5 10. Nd2 Bd7 11. h3 Rg8 12. Be2 Bf6 13. 0-0 f4 14. Kh1 Ng6 15. Nde4 Be5 16. exf4 Nxf4 17. Bf3 0-0-0 18. Qe3 Rg6 19. Rab1 Rdg8 20. Ng3 h5 21. Nce2 Nxe2 22. Nxe2 Bf5 23. Be4 Bxe4 24. Qxe4 Qb4 25. f4 Bf6 26. Rf2 Qd2 27. Rbf1 Bh4 28. Ng3 Qd4 29. Qxd4 cxd4 0-1

[Event "Speed Chess Q2 Sw"]
[Site "Chess.com INT"]
[Date "2023.08.23"]
[Round "13"]
[White "Cieslak, Patryk"]
[Black "Komov, Roman"]
[Result "1-0"]
[WhiteElo "2270"]
[BlackElo "2301"]
[PlyCount "121"]
[EventDate "2023.08.23"]
[EventType "swiss (blitz)"]
[EventRounds "14"]
[EventCountry "USA"]
[SourceTitle "CBM 215 Extra"]
[Source "ChessBase"]
[SourceDate "2023.09.30"]
[SourceVersion "1"]
[SourceVersionDate "2023.09.30"]
[SourceQuality "1"]

1. e4 c5 2. Nf3 d6 3. d4 cxd4 4. Nxd4 Nf6 5. Nc3 Nc6 6. Bg5 e6 7. Qd3 Bd7 8. Ndb5 Nb4 9. Qd1 Qb8 10. Bf4 e5 11. Bg5 a6 12. Na3 b5 13. Bxf6 gxf6 14. Nd5 Nxd5 15. Qxd5 Be7 16. c3 Qc8 17. Nc2 Be6 18. Qd3 f5 19. Ne3 fxe4 20. Qxe4 f6 21. Bd3 h5 22. a4 h4 23. axb5 a5 24. b6 Rb8 25. Rxa5 Rxb6 26. Ra8 Rb8 27. Qg6+ Kd7 28. Ra7+ Rb7 29. Rxb7+ Qxb7 30. Bf5 h3 31. Bxe6+ Kxe6 32. 0-0 hxg2 33. Ra1 Ra8 34. Rd1 Qxb2 35. c4 Ra1 36. Qg8+ Kd7 37. Qg4+ Kd8 38. Qg8+ Kd7 39. Qg4+ f5 40. Qxf5+ Kd8 41. Rxa1 Qxa1+ 42. Kxg2 Qd4 43. h3 Qh4 44. Qf3 Bg5 45. Nf5 Qxc4 46. Nxd6 Qg8 47. Qg4 Ke7 48. Ne4 Qd5 49. Qxg5+ Ke6 50. Qg4+ Ke7 51. Qf3 Qd4 52. Ng3 Ke6 53. Qe4 Qc3 54. h4 Qc1 55. h5 Qg5 56. Qg6+ Qxg6 57. hxg6 Kf6 58. Kf3 Kxg6 59. Ke4 Kf6 60. Ne2 Ke6 61. Ng1 1-0